000 00559nam a2200229Ia 4500
003 OSt
005 20250301114636.0
008 210210b1900 xxu||||| |||| 00| 0 eng d
040 _cAL
041 _aeng
082 _a516/25
100 _aGREAVES (John)
_9203195
245 _aTreatise on elementary statics
260 _aLondon
_bMacmillan & Co. Ltd.
_c1900
650 _aTreatise
_9203196
650 _astatics
_9203197
650 _aon
_9203198
650 _aelementary
_9203199
690 _astatics
_9203197
906 _a007742
942 _2ddc
_cBK
999 _c140360
_d140360